书目信息 |
| 题名: |
跟随红军长征的国民党将军
|
|
| 作者: | 黄自荣 , 陈贤庆 , 张天佑 著 | |
| 分册: | ||
| 出版信息: | 北京 群众出版社 2009.01 |
|
| 页数: | 259页 | |
| 开本: | 22cm | |
| 丛书名: | ||
| 单 册: | ||
| 中图分类: | K825.2=72 | |
| 科图分类: | ||
| 主题词: | 将军 , 国民党军 | |
| 电子资源: | ||
| ISBN: | 978-7-5014-4405-2 | |
| 000 | 01063nam0 2200301 450 | |
| 001 | 1259295580 | |
| 005 | 20120109162851.17 | |
| 010 | @a978-7-5014-4405-2@dCNY23.00 | |
| 090 | @aK825.2=72@bzty | |
| 096 | @aI253.2@bzty | |
| 100 | @a20090903d2009 em y0chiy50 ea | |
| 101 | 0 | @achi |
| 102 | @aCN@b110000 | |
| 105 | @aa z 000yd | |
| 200 | 1 | @a跟随红军长征的国民党将军@b专著@f张天佑,陈贤庆,黄自荣著@9gen sui hong jun chang zheng de guo min dang jiang jun |
| 210 | @a北京@c群众出版社@d2009.01 | |
| 215 | @a259页@c图,照片@d22cm | |
| 330 | @a本书对一位参加过中国工农红军长征的国民党军队中将师长的传奇、曲折而悲壮的经历作了介绍,内容涉及:艰难困苦玉于成、将军百战身未裂、长征万里人初还、壮志凌云迎胜利等。 | |
| 601 | 02 | @a国民党军@x将军@x生平事迹 |
| 606 | 0 | @a将军 |
| 606 | 0 | @a国民党军 |
| 610 | 0 | @a张振汉(1893~1967) |
| 690 | @aK825.2=72@v4 | |
| 701 | 0 | @a黄自荣@4著@9huang zi rong |
| 701 | 0 | @a陈贤庆@4著@9chen xian qing |
| 701 | 0 | @a张天佑@f(1938~)@4著@9zhang tian you |
| 801 | 0 | @aCN@b110019@c20090319 |
| 905 | @aZUCC@dK825.2=72@eH925 | |
| 跟随红军长征的国民党将军/张天佑,陈贤庆,黄自荣著.-北京:群众出版社,2009.01 |
| 259页:图,照片;22cm |
| ISBN 978-7-5014-4405-2:CNY23.00 |
| 本书对一位参加过中国工农红军长征的国民党军队中将师长的传奇、曲折而悲壮的经历作了介绍,内容涉及:艰难困苦玉于成、将军百战身未裂、长征万里人初还、壮志凌云迎胜利等。 |
| ● |
| 相关链接 |
|
|
|
正题名:跟随红军长征的国民党将军
索取号:K825.2=72/H925
 
预约/预借
| 序号 | 登录号 | 条形码 | 馆藏地/架位号 | 状态 | 备注 |
| 1 | 481509 | 204815094 | 社科库309/309社科库 47排7列3层/ [索取号:K825.2=72/H925] | 在馆 |